Derecho del comercio internacional acuerdos regionales y OMC (Record no. 126617)
[ view plain ]
| 000 -LEADER | |
|---|---|
| fixed length control field | 01219cam a2200325 4500 |
| 005 - DATE AND TIME OF LATEST TRANSACTION | |
| control field | 20211013122133.0 |
| 008 - FIXED-LENGTH DATA ELEMENTS--GENERAL INFORMATION | |
| fixed length control field | 211013b ag ||||| |||| 00| 0 spa d |
| 020 ## - INTERNATIONAL STANDARD BOOK NUMBER | |
| International Standard Book Number | 03289680 |
| 050 04 - LIBRARY OF CONGRESS CALL NUMBER | |
| Classification number | K3943 |
| Item number | D47 2004 |
| 245 00 - TITLE STATEMENT | |
| Title | Derecho del comercio internacional acuerdos regionales y OMC |
| Statement of responsibility, etc | / Roxana C. Blassetti, Guillermo Cabanellas, Carlos M. Correa,...[et al.] |
| 250 ## - EDITION STATEMENT | |
| Edition statement | 1a ed. |
| 260 ## - PUBLICATION, DISTRIBUTION, ETC. (IMPRINT) | |
| Place of publication, distribution, etc | Buenos Aires, Madrid : |
| Name of publisher, distributor, etc | Ciudad Argentina, |
| Date of publication, distribution, etc | 2004 |
| 300 ## - PHYSICAL DESCRIPTION | |
| Extent | 535 p. : |
| Dimensions | 23 cm. |
| 490 0# - SERIES STATEMENT | |
| Series statement | Temas de derecho industrial y de la competencia ; |
| Volume number/sequential designation | 6 |
| 504 ## - BIBLIOGRAPHY, ETC. NOTE | |
| Bibliography, etc | Incluye Bibliografías |
| 506 ## - RESTRICTIONS ON ACCESS NOTE | |
| Terms governing access | Donación |
| 650 #7 - SUBJECT ADDED ENTRY--TOPICAL TERM | |
| Source of heading or term | lemb |
| Topical term or geographic name as entry element | Derecho Comercial |
| General subdivision | Organización internacional |
| 650 #7 - SUBJECT ADDED ENTRY--TOPICAL TERM | |
| Source of heading or term | lemb |
| Topical term or geographic name as entry element | Derecho Comercial |
| General subdivision | Tratados comerciales |
| 700 1# - ADDED ENTRY--PERSONAL NAME | |
| Personal name | Blassetti, Roxana C. |
| Relator term | autor |
| 700 1# - ADDED ENTRY--PERSONAL NAME | |
| Personal name | Cabanellas, Guillermo |
| Relator term | autor |
| 700 1# - ADDED ENTRY--PERSONAL NAME | |
| Personal name | Correa, Carlos M. |
| Relator term | autor |
| 700 1# - ADDED ENTRY--PERSONAL NAME | |
| Personal name | Czar de Zalduendo, Susana |
| Relator term | autor |
| 700 1# - ADDED ENTRY--PERSONAL NAME | |
| Personal name | Lipszyc, Delia |
| Relator term | autor |
| 700 1# - ADDED ENTRY--PERSONAL NAME | |
| Personal name | Mastaglia, Gabriela Teresita |
| Relator term | autor |
| 700 1# - ADDED ENTRY--PERSONAL NAME | |
| Personal name | Moncayo von Hase, Andrés |
| Relator term | autor |
| 700 1# - ADDED ENTRY--PERSONAL NAME | |
| Personal name | Negro, Sandra Cecilia |
| Relator term | autor |
| 700 1# - ADDED ENTRY--PERSONAL NAME | |
| Personal name | Núñez, Javier Fernando |
| Relator term | autor |
| 700 1# - ADDED ENTRY--PERSONAL NAME | |
| Personal name | Orcalli, Gabriele |
| Relator term | autor |
| 942 ## - ADDED ENTRY ELEMENTS (KOHA) | |
| Source of classification or shelving scheme | Biblioteca del Cogreso de los Estados Unidos |
| Koha item type | Libro |
| Estado de pérdida | Fuente de clasificación | Estado del daño | No para préstamo | Ubicación permanente | Ubicación actual | Apartado o colección | Fecha de adquisición | Edición | Dependencia de educación superior (DES) | Área del conocimiento | Total Checkouts | Clasificación | Código de Barras | Date last seen | Número de copia | Costo por reposición | Tipo de recurso |
|---|---|---|---|---|---|---|---|---|---|---|---|---|---|---|---|---|---|
| Biblioteca del Cogreso de los Estados Unidos | Biblioteca de la Facultad de Derecho y Ciencias Sociales "Felipe J. Tena" | Biblioteca de la Facultad de Derecho y Ciencias Sociales "Felipe J. Tena" | General | 13/10/2021 | 1a ed. | Derecho | Ciencias Sociales y Administrativas | K3943 D47 2004 | BFD000012838 | 13/10/2021 | 1 | 1.00 | Libro |